Statistiche per Abbreviazioni nel marketing

Clicka qui per fare il quiz!

Statistiche generali

  • Questo quiz è stato fatto 4 volte
  • Il punteggio medio è 6 su 17

Statistiche sulle risposte

HintRisposta% Corretto
B2BBusiness to Business
100%
B2CBusiness to Consumer
100%
CTACall to Action
67%
KPIKey Performance Indicator
67%
ROIReturn on Investment
67%
SEOSearch Engine Optimization
67%
CTRClick-through Rate
33%
CMSContent Management System
33%
CPCCost per Click
33%
SEMSearch Engine Marketing
33%
SMMSocial Media Marketing
33%
PPCPay per Click
0%
SMARTSpecific, Measurable, Achievable, Relevant, Time-Bound
0%
SWOTStrengths, Weaknesses, Opportunities, Threats
0%
TOVTone of Voice
0%
UXUser Experience
0%
UGCUser Generated Content
0%

Distribuzione punteggi

Percentile per numero di risposta

Percentuale di utenti per punteggio

I tuoi punteggi nel tempo

Non hai fatto questo quiz